Constitución de la monarquía española, promulgada en Madrid a 18 de junio de 1837 : impresa de orden de S.M. la reina gobernadora impresa de orden de S.M. la reina gobernadora
Descripción Física:
[24] p. ; 36 cm
Materias:
Constitucions -- Espanya -- 1837
MARC
| LEADER | 00000nam a2200000Ia 4500 | ||
|---|---|---|---|
| 001 | 12838 | ||
| 008 | 160829s1837 xx 000 0 cat d | ||
| 080 | |a R-12-182 | ||
| 100 | |a Espanya. Constitución (1837) |9 23240 | ||
| 245 | |a Constitución de la monarquía española, promulgada en Madrid a 18 de junio de 1837 : |b impresa de orden de S.M. la reina gobernadora | ||
| 260 | |a Madrid : |b (Imprenta nacional), |c 1837 | ||
| 300 | |a [24] p. ; |c 36 cm | ||
| 590 | |a A la portadella hi figura un gravat i el següent text : Constitución promulgada en 18 de junio de 1837 siendo gobernadora del reino, en nombre de Isabel II, su Augusta madre Doña María Cristina de Borbón, restauradora de la libertad española. | ||
| 590 | |a Enquadernat en pell | ||
| 650 | |a Constitucions |x Espanya |x 1837 |9 23241 | ||
| 901 | |a Arxiu | ||
| 942 | |n 1 | ||
| 952 | |0 0 |1 0 |4 0 |6 R12182 |7 1 |9 42630 |a Arxiu |b Arxiu |d 2016-12-01 |l 0 |o R-12-182 |p 12838 |r 2016-12-01 00:00:00 |w 2016-12-01 |y ARXIU | ||
| 999 | |c 45136 |d 45136 | ||